[Event "Asian Junior Chess Championship 2018"]
[Site "Central Palace of Culture of Mongolian Trade Union, Ulaanbaatar, Mongolia"]
[Date "2018.08.20"]
[Round "2"]
[Board "10"]
[White "Tsogzolmaa, Nanjid"]
[Black "Khongorzul, Davaakhuu"]
[Result "1-0"]
[WhiteElo "1792"]
[BlackElo "1633"]
[PlyCount "0"]
[EventDate "2018.08.19"]
[EventRounds "9"]
[EventCountry "MGL"]

1. d4 d5 2. Nf3 c6 3. Bf4 Nd7 4. e3 Ngf6 5. Nbd2 g6 6. h3 Bg7 7. Bd3 O-O 8. c3
Re8 9. Bh2 c5 10. O-O a6 11. a4 Kh8 12. Re1 b6 13. Qe2 Bb7 14. e4 dxe4 15. Nxe4
cxd4 16. cxd4 h6 17. Ne5 Nxe5 18. dxe5 Nd5 19. Rad1 Qc8 20. Bc4 Rd8 21. Rd2 f5
22. exf6 Nxf6 23. Rxd8+ Qxd8 24. Nc3 Qe8 25. Qe6 Rc8 26. Ba2 Qc6 27. Qxc6 Bxc6
28. Rxe7 Bxa4 29. Be5 Re8 30. Re6 Bd7 31. Rxf6 Bxf6 32. Bxf6+ Kh7 33. Bd4 b5
34. Nd5 Re1+ 35. Kh2 Rd1 36. Nf6+ Kg7 37. Nh5+ Kh7 38. Nf6+ Kg7 39. Nh5+ Kf8
40. Bc5+ Ke8 41. Nf6+ Kd8 42. Nxd7 Kxd7 43. Be3 g5 44. h4 gxh4 45. Bxh6 a5
46. f4 Rf1 47. Bd5 Kd6 48. Bf3 b4 49. Kh3 b3 50. Kxh4 a4 51. Kg5 Ke7 52. Bg7 Rc1
53. f5 Rc5 54. Bd4 Rc4 55. Bg7 Rc5 56. Kg6 Ke8 57. f6 Rg5+ 58. Kxg5 a3 59. Bc6+
Kd8 60. f7  1-0

[Event "Asian Junior Chess Championship 2018"]
[Site "Central Palace of Culture of Mongolian Trade Union, Ulaanbaatar, Mongolia"]
[Date "2018.08.20"]
[Round "2"]
[Board "11"]
[White "Margadgua, Erdenebayar"]
[Black "Khanyl, Chuluuntuya"]
[Result "1-0"]
[WhiteElo "1619"]
[BlackElo "1402"]
[PlyCount "0"]
[EventDate "2018.08.19"]
[EventRounds "9"]
[EventCountry "MGL"]

1. e4 e6 2. d4 d5 3. Nd2 dxe4 4. Nxe4 Nd7 5. Nf3 Ngf6 6. Bd3 Nxe4 7. Bxe4 Nf6
8. Bg5 h6 9. Bxf6 Qxf6 10. Qd3 Bd6 11. Qb5+ Ke7 12. O-O Re8 13. c4 a6 14. Qa5 b6
15. Qc3 Rb8 16. Qc2 c5 17. Bc6 Rd8 18. d5 Kf8 19. Rfe1 e5 20. Qc3 Qg6 21. Nxe5
Bxe5 22. Rxe5 Bb7 23. Bxb7 Rxb7 24. Rae1 Rbb8 25. h3 f6 26. Re6 Re8 27. Qg3 Qxg3
28. Rxe8+ Rxe8 29. Rxe8+ Kxe8 30. fxg3 Kd7 31. Kf2 Kd6 32. Kf3 b5 33. b3 Ke5
34. g4 g5 35. g3 b4 36. Ke3 a5 37. Kd3 f5 38. gxf5 Kxf5 39. g4+ Ke5 40. Ke3 Kd6
41. Ke4 Ke7 42. Ke5 Kd7 43. Kf6 Kd6 44. Kg6 Ke7 45. Kxh6 Kf6 46. Kh5 Ke5
47. Kxg5 Kd6 48. h4 Ke5 49. h5 Kd6 50. h6 Kd7 51. h7 Ke7 52. h8=Q Kd6 53. Qf6+
Kd7 54. Qe6+ Kd8 55. Qf7 Kc8 56. d6 Kb8 57. Qc7+ Ka8 58. d7 a4 59. d8=Q#  1-0

[Event "Asian Junior Chess Championship 2018"]
[Site "Central Palace of Culture of Mongolian Trade Union, Ulaanbaatar, Mongolia"]
[Date "2018.08.20"]
[Round "2"]
[Board "12"]
[White "Udval, Enkhsaikhan"]
[Black "Anandpara, Jayendra Saloni"]
[Result "1-0"]
[WhiteElo "1599"]
[BlackElo "1346"]
[PlyCount "0"]
[EventDate "2018.08.19"]
[EventRounds "9"]
[EventCountry "MGL"]

1. d4 d5 2. Nf3 Nf6 3. c3 g6 4. Bf4 Bg7 5. Nbd2 O-O 6. e3 b6 7. Bd3 Bb7 8. O-O
Nbd7 9. Ne5 Nh5 10. Nxd7 Qxd7 11. Nf3 Nxf4 12. exf4 f6 13. Re1 c5 14. Qe2 Rfe8
15. Qe6+ Qxe6 16. Rxe6 Bc8 17. Rc6 c4 18. Bc2 Bf8 19. Re1 Rd8 20. b3 Bd7 21. Rc7
e6 22. bxc4 Bd6 23. Rxd7 Rxd7 24. Rxe6 dxc4 25. Ba4 Rdd8 26. Rxf6 Kg7 27. Re6
Bxf4 28. Re7+ Kg8 29. Bb5 Kh8 30. g3 Bd6 31. Re6 Kg7 32. Ng5 Ba3 33. Re4 Rd5
34. Ne6+ Kf6 35. Bxc4 Rd6 36. Rf4+ Ke7 37. Ng5 Rf6 38. Re4+ Kd6 39. Nxh7 Rf3
40. Re6+ Kc7 41. Bd5 Rh8 42. Bxf3 Rxh7 43. Rxg6 Bb2 44. h4 Bxc3 45. Rc6+ Kd7
46. Rxc3 Kd6 47. Rc6+ Kd7 48. Rg6 Ke7 49. h5 b5 50. h6 Kf8 51. d5 a5 52. Ra6 a4
53. Ra8+ Kf7 54. Ra7+ Kg6 55. Rxh7 Kxh7 56. d6  1-0

[Event "Asian Junior Chess Championship 2018"]
[Site "Central Palace of Culture of Mongolian Trade Union, Ulaanbaatar, Mongolia"]
[Date "2018.08.20"]
[Round "2"]
[Board "13"]
[White "Unurzul, Davaakhuu"]
[Black "Khaliunaa, Gankhulug"]
[Result "0-1"]
[WhiteElo "1352"]
[BlackElo "1587"]
[PlyCount "0"]
[EventDate "2018.08.19"]
[EventRounds "9"]
[EventCountry "MGL"]

1. e4 c6 2. Nf3 d5 3. exd5 cxd5 4. d4 Nf6 5. Nc3 Bg4 6. h3 Bxf3 7. Qxf3 Nc6
8. Be3 e6 9. Bb5 Qb6 10. Bxc6+ bxc6 11. Rb1 Bb4 12. O-O Qa5 13. Qg3 Rg8 14. a3
Be7 15. Bg5 Kd7 16. Qe3 Rab8 17. b4 Qa6 18. Nd1 Ne4 19. Bxe7 Kxe7 20. Nb2 Nd6
21. f4 Nf5 22. Qc3 Qb6 23. Rbd1 a5 24. Na4 Qb5 25. Qb3 axb4 26. Rfe1 Ra8 27. Nc5
Rxa3 28. Qb2 Qc4 29. Nb3 Rga8 30. Ra1 Ng3 31. Kh2 Ne2 32. f5 Kd6 33. Rxa3 Rxa3
34. fxe6 fxe6 35. Rd1 Nc3 36. Re1 Ne4 37. Qc1 g5 38. h4 h6 39. Qd1 Ra8 40. Nd2
Nxd2 41. Qxd2 Re8 42. Qe3 Qc3 43. Qe5+ Kd7 44. Rf1 Re7 45. Rf3 Qa1 46. Rf8 Qa7
47. Qh8 Qc7+ 48. Kh1 gxh4 49. Qxh6 c5 50. Qxh4 Kc6 51. Rh8 cxd4 52. Qxd4 Rh7+
53. Rxh7 Qxh7+ 54. Kg1 Qxc2 55. Qxb4 Qc5+ 56. Qxc5+ Kxc5 57. Kf2 Kd4 58. Kf3 Ke5
59. Kg3 Kf5 60. Kf3 e5 61. Ke3 Kg4 62. Ke2 Kg3 63. Kf1 d4 64. Kg1 e4 65. Kf1 e3
66. Ke1 Kxg2 67. Ke2 Kg3 68. Ke1 d3 69. Kf1 Kf3 70. Ke1 d2+ 0-1

[Event "Asian Junior Chess Championship 2018"]
[Site "Central Palace of Culture of Mongolian Trade Union, Ulaanbaatar, Mongolia"]
[Date "2018.08.20"]
[Round "2"]
[Board "14"]
[White "Enkhbolor, Nyamdavaa"]
[Black "Amartuvshin, Naransolongo"]
[Result "0-1"]
[WhiteElo "1563"]
[BlackElo "1262"]
[PlyCount "0"]
[EventDate "2018.08.19"]
[EventRounds "9"]
[EventCountry "MGL"]

1. e4 c5 2. Nc3 Nc6 3. g3 d6 4. Bg2 Nf6 5. d3 e5 6. Nge2 Be7 7. O-O a6 8. h3
O-O 9. Be3 Rb8 10. f4 exf4 11. gxf4 Bd7 12. Kh2 h6 13. Rg1 Kh7 14. Ng3 b5
15. Nce2 Qc7 16. Bf3 Qc8 17. Qf1 Nb4 18. Bd2 Nc6 19. Qg2 Rg8 20. Rac1 Qc7 21. b3
a5 22. Bc3 g6 23. Qf2 b4 24. Bb2 a4 25. Rge1 a3 26. Ba1 g5 27. fxg5 Rxg5 28. Bg2
Ne5 29. Bxe5 dxe5 30. Rg1 Rbg8 31. Rcf1 Be6 32. Kh1 Qd7 33. Nf5 Nh5 34. Bf3 Nf4
35. Nxf4 exf4 36. Rg2 Bxf5 37. exf5 Kh8 38. Rxg5 Rxg5 39. Be4 Bd6 40. Qh4 Kg7
41. f6+ Kxf6 42. Qxh6+ Rg6 43. Bxg6 fxg6 44. Qh8+ Kf5 45. Qa8 Qh7 46. Qd5+ Be5
47. Qf3 Qg7 48. Qe4+ Kg5 49. Re1 Bd4 50. Qd5+ Kh6 51. Qf3 Be3 52. Rb1 Qd4
53. Qe2 Qe5 54. Kg2 Qg5+ 55. Qg4 Qxg4+ 56. hxg4  0-1

[Event "Asian Junior Chess Championship 2018"]
[Site "Central Palace of Culture of Mongolian Trade Union, Ulaanbaatar, Mongolia"]
[Date "2018.08.20"]
[Round "2"]
[Board "15"]
[White "Chan, Lyanna"]
[Black "Bayasgalan, Khishigbaatar"]
[Result "0-1"]
[WhiteElo "1324"]
[BlackElo "1524"]
[PlyCount "0"]
[EventDate "2018.08.19"]
[EventRounds "9"]
[EventCountry "MGL"]

1. e4 c5 2. Nc3 e6 3. Bc4 a6 4. a4 Nc6 5. f4 g6 6. Nf3 Bg7 7. O-O Nge7 8. d3
O-O 9. Qe1 d5 10. Ba2 d4 11. Ne2 b5 12. Qh4 bxa4 13. Ng5 h6 14. f5 hxg5 15. Bxg5
f6 16. Bh6 Nb4 17. Bxe6+ Bxe6 18. fxe6 g5 19. Qh3 Qe8 20. Ng3 Bxh6 21. Qxh6 Qg6
22. Nf5 Qxh6 23. Nxh6+ Kh7 24. Nf7 Kg6 25. Rf2 Nbc6 26. Raf1 Ng8 27. Rf5 Rfe8
28. h4 Rxe6 29. Nxg5 fxg5 30. Rxg5+ Kh6 31. Rff5 Nf6 32. h5 Rg8 33. Rxf6+ Rxf6
34. Rxg8 Kxh5 35. g4+ Kh4 36. Kh1 Kh3 37. Kg1 Ne5  0-1

[Event "Asian Junior Chess Championship 2018"]
[Site "Central Palace of Culture of Mongolian Trade Union, Ulaanbaatar, Mongolia"]
[Date "2018.08.20"]
[Round "3"]
[Board "1"]
[White "Aakanksha, Hagawane"]
[Black "Bidhar, Rutumbara"]
[Result "1-0"]
[WhiteElo "2292"]
[BlackElo "2036"]
[PlyCount "0"]
[EventDate "2018.08.19"]
[EventRounds "9"]
[EventCountry "MGL"]

1. e4 e5 2. Nf3 Nc6 3. Bb5 a6 4. Ba4 Nf6 5. O-O
b5 6. Bb3 Be7 7. Re1 d6 8. c3 O-O 9. d3 Bb7 10.
Nbd2 Na5 11. Bc2 c5 12. Nf1 Qc7 13. Ng3 g6 14. Bh6
Rfe8 15. Qd2 Rac8 16. Nf5 Ng4 17. Nxe7+ Qxe7 18. Bg5 f6 19.
Bh4 Kg7
20. b4 Nc6 21. Bb3 a5 22. bxa5 Nxa5 23. Bd1 Nc6 24. d4
Ba6 25. d5 Na5 26. Be2 Nc4 27. Bxc4 bxc4 28. h3 Nh6 29.
Ng5 Ng8
30. Ne6+ Kh8 31. Bg3 Ra8 32. Rab1 Bc8 33. Rb6 Bxe6 34. dxe6 Rad8 35. Rd1 Qxe6 36. Rxd6 Rxd6 37. Qxd6 Qxd6 38.
Rxd6 Ra8 39. f4 exf4 40. Bxf4 g5 41. Be3 Rxa2 42. Bxc5 Rc2 43. Bb4 Kg7 44. Rd7+ Kh8 45. Bf8 h6 46.
Bg7+ Kh7 47. Bxf6+ Kg6 48. Bd4  1-0

[Event "Asian Junior Chess Championship 2018"]
[Site "Central Palace of Culture of Mongolian Trade Union, Ulaanbaatar, Mongolia"]
[Date "2018.08.20"]
[Round "3"]
[Board "2"]
[White "Altantuya, Boldbaatar"]
[Black "Meghna, C H"]
[Result "1-0"]
[WhiteElo "2174"]
[BlackElo "1892"]
[PlyCount "0"]
[EventDate "2018.08.19"]
[EventRounds "9"]
[EventCountry "MGL"]

1. d4 Nf6 2. Bf4 e6 3. Nf3 Be7 4. e3 b6 5. h3
Bb7 6. Bd3 Ne4 7. O-O O-O 8. Nbd2 d5 9. Qe2 Nd7 10.
Ba6 Bxa6 11. Qxa6 Nxd2 12. Nxd2 c5 13. c3 Re8 14. Nf3
Bf6 15. Rfd1 Qe7 16. Qe2 Rac8 17. Rac1 Red8 18. Ne5 Bxe5 19.
dxe5 Qh4 20. Bg3 Qe4 21. Qh5 Nf8 22. Qg4 Qxg4 23. hxg4 c4 24. Bh4 Rd7 25. f4 Ng6 26. Bg3 Ne7 27.
Kf2 b5
28. Rh1 a5 29. Rh2 b4 30. Rch1 h6 31. g5 Nf5 32. gxh6 gxh6 33. Bh4 Nxh4 34. Rxh4 Kf8 35. Rxh6 Ke7 36. Rf6 bxc3 37. bxc3 Rf8 38. Rb1 Rh8 39. Kg1 Rg8 40.
Rh6 Ra8
41. Rb6 Raa7 42. Rh8 Rdb7 43. Rb8 Rxb6 44. Rxb6 Kd7 45. a4
Kc7 46. Rb5 Kc6 47. g4 Ra8 48. Kg2 Rg8 49. g5 Ra8 50.
Kf2 Kd7
51. e4 dxe4 52. Rc5 Rh8 53. Rxc4 Rh3 54. Ke2 Rf3 55. Rc5
Rd3 56. c4 Rc3 57. Rxa5
Rxc4 58. Ra7+ Ke8 59. Ke3 Kf8 60.
a5 Kg7
61. f5 exf5 62. e6 Rc3+ 63. Kd2 Rd3+ 64. Ke2 Rd5 65. a6
Ra5 66. Rxf7+ Kg8 67. a7 Ra2+ 68. Kd1 e3 69. Rb7 Ra1+ 70.
Ke2 Ra2+ 71. Kxe3  1-0

[Event "Asian Junior Chess Championship 2018"]
[Site "Central Palace of Culture of Mongolian Trade Union, Ulaanbaatar, Mongolia"]
[Date "2018.08.20"]
[Round "3"]
[Board "3"]
[White "Chitlange, Sakshi"]
[Black "Nomindalai, Tumurbaatar"]
[Result "1-0"]
[WhiteElo "2144"]
[BlackElo "1877"]
[PlyCount "0"]
[EventDate "2018.08.19"]
[EventRounds "9"]
[EventCountry "MGL"]

1. d4 d5 2. c4 Nc6 3. Nf3 Bg4 4. Nc3 Nf6 5. cxd5
Nxd5 6. e4 Nb6 7. d5 Nb8 8. h3 Bxf3 9. Qxf3 g6 10.
h4 N8d7
11. h5 Bg7 12. Bf4 a6 13. Qg3 Rc8 14. hxg6 hxg6 15. Rxh8+ Bxh8 16. e5 c6 17. Qh2 Bg7 18. Qh7 Kf8 19.
Bh6 Ke8
20. Qxg7 Nc5 21. dxc6 bxc6 22. Qf8+ Kd7 23. Rd1+ Nd5 24. Qxd8+  1-0

[Event "Asian Junior Chess Championship 2018"]
[Site "Central Palace of Culture of Mongolian Trade Union, Ulaanbaatar, Mongolia"]
[Date "2018.08.20"]
[Round "3"]
[Board "4"]
[White "Ulziikhishigjargal, Ochirkhuyag"]
[Black "Isha, Sharma"]
[Result "1/2-1/2"]
[WhiteElo "1858"]
[BlackElo "2145"]
[PlyCount "0"]
[EventDate "2018.08.19"]
[EventRounds "9"]
[EventCountry "MGL"]

1. e4 e6 2. d4 d5 3. Nd2 c5 4. exd5 Qxd5 5. Ngf3
Nf6 6. Bc4 Qd8 7. O-O cxd4 8. Nb3 Nc6 9. Nbxd4 Nxd4 10.
Nxd4 a6
11. Re1 Be7 12. Bf4 O-O 13. c3 Nd5 14. Bg3 Bf6 15. a4
Ne7 16. Nf3 Nf5 17. Bf4 Bd7 18. Qb3 Bc6 19. Rad1 Qa5 20.
Ne5 Bxe5 21. Rxe5 Qxa4 22. Qxa4 Bxa4 23. b3 Bc6 24. Bd3
Rfd8 25. Ree1 Nh4 26. Bf1 h6 27. Bg3 Nf5 28. Bc7 Rxd1 29.
Rxd1 Rc8 30. Bb6 Be4 31. Rd8+ Rxd8 32. Bxd8 Kf8 33. b4
Ke8 34. Bb6 Kd7 35. f3 Bc6 36. Kf2 Nd6 37. c4 Ba4 38.
Ke3 Kc6
39. Bc5 e5 40. f4 Nf5+ 41. Ke4 Bc2+ 42. Kxe5 b6 43. Bf2
a5 44. b5+ Kc7 45. c5 bxc5 46. Bxc5 a4 47. Bc4 f6+ 48.
Ke6 Bb3
49. Kxf5 Bxc4 50. Kg6 Bxb5
51. Kxg7 f5 52. Kxh6 Bf1 53. g3 Bh3 54. Kg5 Kc6 55. Ba3
Kd5 56. Kh4 Bf1 57. h3 Ke4 58. Bd6 Bg2 59. g4 fxg4 60.
hxg4 a3
61. Kg5 a2 62. Be5 Bh3 63. Kh4 Bf1 64. Kg3 Bb5  1/2-1/2

[Event "Asian Junior Chess Championship 2018"]
[Site "Central Palace of Culture of Mongolian Trade Union, Ulaanbaatar, Mongolia"]
[Date "2018.08.20"]
[Round "3"]
[Board "5"]
[White "Mandukhai, Myagmarsuren"]
[Black "Uuriintuya, Uurtsaikh"]
[Result "0-1"]
[WhiteElo "1717"]
[BlackElo "2313"]
[PlyCount "0"]
[EventDate "2018.08.19"]
[EventRounds "9"]
[EventCountry "MGL"]

1. d4 Nf6 2. c4 g6 3. Nc3 Bg7 4. e4 d6 5. Nf3
O-O 6. Be2 Nbd7 7. O-O e5 8. Be3 Qe7 9. d5 c5 10.
Bg5 h6
11. Bd2 Kh7 12. Qc2 Ne8 13. g3 Ndf6 14. Nh4 Bh3 15. Rfe1 Nd7 16. a3 f5 17. exf5 gxf5 18. Bh5 Qf6 19.
Nb5 a6
20. Bg6+ Kh8 21. Bxe8 Raxe8 22. Nc7 Re7 23. Ne6 Rg8 24. f4
b5 25. Bc3 Rxe6 26. dxe6 Qxe6 27. cxb5 axb5 28. Qe2 c4 29.
a4 Bg4
30. Qe3 bxa4 31. Ng2 Ra8 32. fxe5 Nxe5 33. Bxe5 Bxe5 34. h3
Bxh3 35. Nf4 Qf6 36. Qf3 Rg8 37. Kf2 Bd4+  0-1

[Event "Asian Junior Chess Championship 2018"]
[Site "Central Palace of Culture of Mongolian Trade Union, Ulaanbaatar, Mongolia"]
[Date "2018.08.20"]
[Round "3"]
[Board "6"]
[White "Udval, Enkhsaikhan"]
[Black "Amina, Battsooj"]
[Result "0-1"]
[WhiteElo "1599"]
[BlackElo "2212"]
[PlyCount "0"]
[EventDate "2018.08.19"]
[EventRounds "9"]
[EventCountry "MGL"]

1. d4 d5 2. c4 e6 3. Nc3 Nf6 4. cxd5 exd5 5. Bg5 Be7 6. e3 O-O 7. Bd3 h6 8. Bf4
c6 9. Nge2 Nbd7 10. O-O Nh5 11. Be5 Nxe5 12. dxe5 g6 13. a3 Ng7 14. b4 Qc7
15. f4 Nf5 16. Bxf5 Bxf5 17. Nd4 Bd7 18. Qc2 Rac8 19. e6 Be8 20. exf7+ Bxf7
21. Ne6 Qb6 22. Nxf8 Qxe3+ 23. Kh1 Bxf8 24. Rae1 Qd4 25. f5 g5 26. f6 Re8
27. Rxe8 Bxe8 28. Qf5 Bf7 29. Ne2 Qe3 30. Qf3 Qxf3 31. Rxf3 c5 32. bxc5 Bxc5
33. Rc3 b6 34. Rd3 Kh7 35. Nc3 d4 36. Ne4 Kg6 37. Kg1 Bd5 38. Nxc5 bxc5 39. Kf2
Kxf6 40. Rd1 Ke5 41. Re1+ Be4 42. g3 c4 43. h4 c3 44. hxg5 hxg5 45. Ke2 d3+
46. Kd1 g4 47. Rf1 Bf3+ 48. Kc1 d2+ 49. Kc2 d1=Q+ 50. Rxd1 Bxd1+ 51. Kxc3 Ke4  0-1

[Event "Asian Junior Chess Championship 2018"]
[Site "Central Palace of Culture of Mongolian Trade Union, Ulaanbaatar, Mongolia"]
[Date "2018.08.20"]
[Round "3"]
[Board "7"]
[White "Khaliunaa, Gankhulug"]
[Black "Omurbekova, Diana"]
[Result "0-1"]
[WhiteElo "1587"]
[BlackElo "1868"]
[PlyCount "0"]
[EventDate "2018.08.19"]
[EventRounds "9"]
[EventCountry "MGL"]

1. d4 Nf6 2. c4 g6 3. Nf3 Bg7 4. g3 O-O 5. Bg2 d6 6. Nc3 Nbd7 7. O-O c6 8. e4
e5 9. h3 Qe7 10. Re1 Ne8 11. Be3 a6 12. Qc2 Nc7 13. dxe5 dxe5 14. Na4 Ne6 15. c5
f5 16. exf5 gxf5 17. Qc4 Kh8 18. Rad1 e4 19. Nd4 Ne5 20. Qc3 Nd3 21. Re2 Bd7
22. Qc4 Rad8 23. Nxf5 Rxf5 24. Qxe4 Nxf2 25. Bxf2 Re5 26. Qc4 Ng5 27. Red2 Nf7
28. g4 Be6 29. Qf4 Rxd2 30. Qxd2 Bxa2 31. Nc3 Bb3 32. Re1 Rxe1+ 33. Qxe1 Qxe1+
34. Bxe1 Ne5 35. Ne4 Nd3 36. Bc3 Bxc3 37. bxc3 a5 38. Bf1 Ne5 39. Nd6 a4
40. Nxb7 Nc4 41. Nd6 a3 42. Bxc4 Bxc4 43. Nxc4 a2 44. Ne5 a1=Q+ 45. Kf2 Qxc3
46. Nf3 Qxc5+ 47. Ke2 Kg7 48. h4 Qc4+  0-1

[Event "Asian Junior Chess Championship 2018"]
[Site "Central Palace of Culture of Mongolian Trade Union, Ulaanbaatar, Mongolia"]
[Date "2018.08.20"]
[Round "3"]
[Board "8"]
[White "Bayasgalan, Khishigbaatar"]
[Black "Priyamvada, Karamcheti"]
[Result "1/2-1/2"]
[WhiteElo "1524"]
[BlackElo "1850"]
[PlyCount "0"]
[EventDate "2018.08.19"]
[EventRounds "9"]
[EventCountry "MGL"]

1. Nf3 d5 2. d4 Nf6 3. g3 c5 4. e3 Nc6 5. c3 Bg4 6. Nbd2 cxd4 7. exd4 e6 8. h3
Bh5 9. Bg2 Bd6 10. O-O O-O 11. Re1 Qc7 12. b3 e5 13. dxe5 Nxe5 14. g4 Bg6
15. Nxe5 Bxe5 16. Bb2 Bxc3 17. Rc1 d4 18. Bxc3 dxc3 19. Ne4 Bxe4 20. Bxe4 Rad8
21. Qf3 Rfe8 22. Rxc3 Qa5 23. Rce3 Qxa2 24. Bxb7 Rxe3 25. Qxe3 h6 26. Bc6 Qa6
27. Ba4 Rd3 28. Qf4 Rxh3 29. Kg2 Rd3 30. Re7 Rd1 31. Qb8+ Kh7 32. Qb5 Qc8
33. Qf5+ Qxf5 34. gxf5 a5 35. Rxf7 Rd5 36. Kf1 Rxf5 37. b4 Rf4 38. Bc2+ Kg8
39. Bb3 Rxb4 40. Be6 Nh7 41. Rf5+ Kh8 42. Rxa5 Rb8 43. f4 Rf8 44. f5 Ng5 45. Kg2
Nxe6 46. fxe6 Re8 47. Ra6 Kh7 48. Kf3 Kg6 49. Ke4 Kf6 50. Kd5 h5 51. Rb6 Kf5
52. Rb7 g5 53. Rf7+ Kg4 54. e7 h4 55. Ke6 h3 56. Rf8 h2 57. Rxe8 h1=Q 58. Rf8
Qc6+ 59. Ke5 Qc5+ 60. Ke6 Qc4+ 61. Kd6 Qd4+ 62. Ke6 Qb6+ 63. Ke5 Qc7+ 64. Ke6
Qb6+ 65. Ke5 Qc7+ 66. Ke6 Qb6+ 67. Ke5 Qb2+ 68. Ke6 Qa2+ 69. Ke5 Qe2+ 70. Kf6
Qf3+ 71. Kg7 Qb7 72. Kf6 Qc6+ 73. Ke5 Qc5+ 74. Ke6 Qe3+ 75. Kd6 Qa3+ 76. Ke6
Qa6+ 77. Ke5 Qa5+ 78. Ke4 Qb6 79. Ke5 Qc7+ 80. Ke6 Qc4+ 81. Kd6 Qd4+ 82. Ke6  1/2-1/2

[Event "Asian Junior Chess Championship 2018"]
[Site "Central Palace of Culture of Mongolian Trade Union, Ulaanbaatar, Mongolia"]
[Date "2018.08.20"]
[Round "3"]
[Board "9"]
[White "Amartuvshin, Naransolongo"]
[Black "Munkhzul, Davaakhuu"]
[Result "0-1"]
[WhiteElo "1262"]
[BlackElo "1823"]
[PlyCount "0"]
[EventDate "2018.08.19"]
[EventRounds "9"]
[EventCountry "MGL"]

1. e4 c5 2. Nc3 Nc6 3. f4 g6 4. Nf3 Bg7 5. Bb5 e6 6. Bxc6 bxc6 7. d3 d5 8. O-O
Ne7 9. Kh1 O-O 10. Qe1 Rb8 11. Qh4 Ba6 12. Rd1 Re8 13. g4 Nc8 14. Qh3 Nd6 15. e5
d4 16. Ne2 Nc8 17. b3 Qd5 18. Rf1 f5 19. gxf5 exf5 20. Kg1 Ne7 21. Bd2 Bc8
22. Kf2 Be6 23. Rg1 h6 24. Nh4 Bf7 25. Qg3 Kh7 26. Nf3 Kg8 27. h4 h5 28. Qg2 Kh8
29. Qh3 Ng8 30. Ng5 Nh6 31. Qh1 Ng4+ 32. Kg3 Kg8 33. Rae1 Qd7 34. Nxf7 Kxf7
35. Rgf1 Bh6 36. Ng1 Nxe5 37. Bc1 Ng4 38. Nf3 Qd5 39. Qg2 Kg7 40. Qd2 Re3
41. Qa5 Bxf4+ 42. Kg2 Rb7 43. c4 Qd6 44. Bxe3 Nxe3+ 45. Rxe3 Bxe3 46. Qa6 Re7
47. Qa5 Bf4 48. Kh1 Bg3 49. Qa3 f4 50. Qa5 Kh6 51. Qa6 Qe6 52. Qa3 Qh3+ 53. Kg1
Re2  0-1

[Event "Asian Junior Chess Championship 2018"]
[Site "Central Palace of Culture of Mongolian Trade Union, Ulaanbaatar, Mongolia"]
[Date "2018.08.20"]
[Round "3"]
[Board "11"]
[White "Oyudari, Batkhuu"]
[Black "Lu, Miaoyi"]
[Result "0-1"]
[WhiteElo "1010"]
[BlackElo "1691"]
[PlyCount "0"]
[EventDate "2018.08.19"]
[EventRounds "9"]
[EventCountry "MGL"]

1. e4 c6 2. d4 d5 3. Nd2 dxe4 4. Nxe4 Bf5 5. Ng3 Bg6 6. Nf3 Nd7 7. h4 h6 8. h5
Bh7 9. Bd3 Bxd3 10. Qxd3 e6 11. Bd2 Ngf6 12. O-O-O Be7 13. Ne4 Nxe4 14. Qxe4 Nf6
15. Qe2 Qd5 16. Kb1 Qe4 17. Be3 Ng4 18. Nd2 Qf5 19. Nf1 Nxe3 20. Nxe3 Qa5 21. f4
O-O-O 22. c3 Qc7 23. Qg4 Bf6 24. Rhe1 Kb8 25. f5 Rhe8 26. fxe6 Rxe6 27. Nf5 Qd7
28. Qg3+ Ka8 29. Rxe6 Qxe6 30. Ne3 Qe4+ 31. Nc2 c5 32. Re1 Qd5 33. Qg4 cxd4
34. Nxd4 a6 35. Rd1 Qc4 36. Qf4 Qa4 37. Qg4 Be5 38. Rd2 Qc4 39. Rd1 Rd5 40. Qf3
Bxd4 41. Qf1 Qe2 42. Rxd4 Rb5 43. b3 Rxh5 44. Qg1 Rh1 45. Rd1 Qxd1+  0-1

[Event "Asian Junior Chess Championship 2018"]
[Site "Central Palace of Culture of Mongolian Trade Union, Ulaanbaatar, Mongolia"]
[Date "2018.08.20"]
[Round "3"]
[Board "13"]
[White "Khongorzul, Davaakhuu"]
[Black "Enkhsaran, Batsaikhan"]
[Result "0-1"]
[WhiteElo "1633"]
[BlackElo "1498"]
[PlyCount "0"]
[EventDate "2018.08.19"]
[EventRounds "9"]
[EventCountry "MGL"]

1. e4 e6 2. d4 d5 3. Nd2 dxe4 4. Nxe4 Nf6 5. Nxf6+ Qxf6 6. Nf3 h6 7. Bd3 Nd7
8. c3 c5 9. dxc5 Bxc5 10. h4 a6 11. Qe2 Ba7 12. Bd2 Nc5 13. Bc2 Bd7 14. Be3 Bb5
15. c4 Qxb2 16. O-O Bc6 17. Bd4 Bxf3 18. Qe3 Qxc2 19. gxf3 Qg6+ 20. Kh1 Qh5
21. Rg1 Qxh4+ 22. Kg2 Qg5+ 23. Qxg5 hxg5 24. Bxg7 Rg8 25. Bf6 Nd7 26. Bc3 Bc5
27. Rad1 Ke7 28. Kf1 Rac8 29. Ke2 Bd6 30. Rg4 Bc5 31. Rdg1 f6 32. f4 Bd6
33. fxg5 fxg5 34. Rh1 Nf6 35. Rgg1 Rxc4 36. Rc1 Rgc8 37. Kd3 b5 38. f3 Ba3
39. Bxf6+ Kxf6 40. Rce1 Rc3+ 41. Ke2 Rc1 42. Rxc1 Rxc1 43. Rxc1 Bxc1 44. Kd3 Kf5
45. Kc2 Kf4  0-1

[Event "Asian Junior Chess Championship 2018"]
[Site "Central Palace of Culture of Mongolian Trade Union, Ulaanbaatar, Mongolia"]
[Date "2018.08.20"]
[Round "3"]
[Board "14"]
[White "Udval, Batkhishig"]
[Black "Unurzul, Davaakhuu"]
[Result "1-0"]
[WhiteElo "1608"]
[BlackElo "1352"]
[PlyCount "0"]
[EventDate "2018.08.19"]
[EventRounds "9"]
[EventCountry "MGL"]

1. e4 e5 2. Nf3 Nc6 3. Bb5 a6 4. Ba4 Nf6 5. O-O Be7 6. Re1 b5 7. Bb3 d6 8. c3
O-O 9. h3 Na5 10. Bc2 c5 11. d4 Nc6 12. d5 Nb8 13. Nbd2 h6 14. Nf1 Nh7 15. Ng3
Bg5 16. Nxg5 Nxg5 17. a4 b4 18. cxb4 cxb4 19. a5 Nd7 20. Bd2 Rb8 21. Ra4 b3
22. Bxb3 Nc5 23. Rb4 Bd7 24. Bc4 Bb5 25. Qe2 Bxc4 26. Qxc4 Kh7 27. Rxb8 Qxb8
28. b4 Na4 29. Ra1 Qb5 30. Qc2 Nb6 31. axb6 Qxb6 32. h4 f5 33. hxg5 f4 34. g6+
Kxg6 35. Nf5 Qd8 36. Rxa6 Kh7 37. Rxd6 Qg5 38. Qc7 Kg8 39. Rd7  1-0

[Event "Asian Junior Chess Championship 2018"]
[Site "Central Palace of Culture of Mongolian Trade Union, Ulaanbaatar, Mongolia"]
[Date "2018.08.20"]
[Round "3"]
[Board "15"]
[White "Anandpara, Jayendra Saloni"]
[Black "Enkhbolor, Nyamdavaa"]
[Result "0-1"]
[WhiteElo "1346"]
[BlackElo "1563"]
[PlyCount "0"]
[EventDate "2018.08.19"]
[EventRounds "9"]
[EventCountry "MGL"]

1. d4 Nf6 2. Bf4 g6 3. e3 Bg7 4. Nf3 d6 5. h3 O-O 6. Be2 Nbd7 7. Nbd2 Re8
8. Bh2 Nb6 9. c3 Nfd7 10. a4 a5 11. O-O e5 12. dxe5 dxe5 13. Nc4 Nxc4 14. Bxc4
Qe7 15. Re1 Nb6 16. Ba2 Bd7 17. Qc2 Bxa4 18. b3 Bc6 19. e4 Red8 20. Bg3 Bf6
21. Re3 Nd7 22. Rb1 Nc5 23. Rbe1 Bb5 24. c4 Bc6 25. Qc3 Re8 26. Bb1 b6 27. h4
Rad8 28. Nh2 Bd7 29. Qc2 Bxh4 30. Bxh4 Qxh4 31. Nf3 Qh5 32. Qc3 Re6 33. b4 axb4
34. Qxb4 g5 35. Nd2 Rh6 36. Kf1 Qh1+ 37. Ke2 Bg4+ 38. Nf3 Qxg2 39. Rc1 Rf6
40. Qc3 Rxf3 41. Rxf3 Nd3 42. Bxd3 Qxf3+ 43. Kf1 Qh1#  0-1